000 01046nam a2200337 a 4500
001 000110331
003 CHAP
005 20220329144127.0
008 140818s2006 mx |r| |||0|||spa d
010 _a106793
011 _a107765
020 _a970702206X
040 _cCHAP
082 0 4 _a363.707
_bE24
245 0 0 _aEducación ambiental para un futuro sustentable /
_ccoordinado por Mayra García Ruiz y Raúl Calixto Flores.
260 _aMéxico D.F. :
_bUPN,
_c2006.
300 _a259 p.
490 0 _aColección más textos
504 _aIncluye bibliografía
590 _aE11695DGD
_b10
_c20141027
_lUCH01
_h1338
590 _aE5652GLJ
_b05
_c20140818
_lUCH01
_h1428
650 1 4 _aEcología
_xEstudio y enseñanza.
_935142
650 1 4 _aEducación ambiental.
_935556
650 1 4 _aMedio ambiente
_xConservación.
_974068
700 1 _aCalixto Flores, Raúl
_ecoord.
_9127805
700 1 _aGarcía Ruiz, Mayra
_ecoord.
_9127804
830 0 _aColección más textos
_v18
_9127809
901 _aBK
942 _cLIBRO
942 _n0
999 _c106793
_d106793